|
|
|
|
| LEADER |
00767cam a2200217 7i4500 |
| 001 |
0000020404 |
| 005 |
20170218090000.0 |
| 008 |
080219 eng |
| 020 |
|
|
|a 0470052201 (hbk.)
|
| 040 |
|
|
|a DLC
|
| 090 |
0 |
0 |
|a HG4529
|b .Q35 2007
|
| 245 |
0 |
0 |
|a Quantitative investment analysis
|c Richard A. DeFusco...[et al.].
|
| 250 |
|
|
|a 2nd ed.
|
| 260 |
|
|
|a Hoboken, N.J.:
|b John Wiley & Sons, Inc.,
|c 2007.
|
| 300 |
|
|
|a xxiii, 566 p.:
|b ill.;
|c 27 cm.
|
| 490 |
0 |
|
|a CFA Institute investment series
|
| 504 |
|
|
|a Includes bibliographical references and index
|
| 650 |
0 |
0 |
|a Investment analysis --
|x Mathematical models
|
| 700 |
1 |
|
|a DeFusco, Richard A
|
| 997 |
|
|
|a Business & Accountancy, Faculty
|
| 999 |
|
|
|a 0000029990
|b BOK
|c OPEN SHELF
|e 1st Floor, Bestari Jaya
|